000 00708cam a22002291a 4500
001 med48000474
003 DLC
005 20260227111609.0
008 820312s1947 nyuafo b 001 0 eng
010 _amed48000474
035 _a(OCoLC)8241315
040 _aDLC
_cTxHMC
_dTxHMC
_dDLC
042 _apremarc
050 0 0 _aRC851
_b.M6
060 _aWI 703 M935j 1947
100 1 _aMovitt, Eli Rodin,
_d1907-
245 1 0 _aJaundice :
_bits pathogensis and differential diagnosis /
_cEli Rodin Movitt.
260 _aNew York :
_bOxford University Press,
_c1947
300 _axvi, 261 p. :
_bill. ;
_c25 cm.
440 0 _aOxford medical publications
504 _aIncludes bibliographical references and index.
999 _c38890
_d38890